[Event "AUTO-MASTER-206"]
[Site "http://www.queenalice.com/game.php?id=207838"]
[Date "2007.5.8"]
[Round "2"]
[White "Masegui"]
[Black "Catalin"]
[Result "1-0"]
[WhiteElo "2274"]
[BlackElo "2046"]

1. e4 e5 2. Nf3 Nc6 3. Bb5 d6 4. d4 exd4 5. Nxd4 Bd7 6. Nc3 Nxd4 7. Bxd7+ Qxd7
8. Qxd4 c5 9. Qd3 Nf6 10. Bf4 Be7 11. O-O-O O-O 12. Bxd6 Qxd6 13. Qxd6 Bxd6 14.
Rxd6 Rad8 15. Rhd1 Rxd6 16. Rxd6 Ng4 17. f3 Nxh2 18. Rd1 f5 19. Rh1 fxe4 20.
Nxe4 Nxf3 21. gxf3 b6 22. Rf1 h5 23. Kd2 g6 24. f4 Rd8+ 25. Ke3 Rf8 26. Rd1 Rf7
27. a4 Kg7 28. Kf3 Re7 29. Rd6 Kh7 30. Rd7 1-0

[Event "AUTO-MASTER-206"]
[Site "http://www.queenalice.com/game.php?id=207839"]
[Date "2007.5.8"]
[Round "2"]
[White "Catalin"]
[Black "Masegui"]
[Result "0-1"]
[WhiteElo "2066"]
[BlackElo "2279"]

1. e4 Nf6 2. e5 Nd5 3. d4 d6 4. c4 Nb6 5. f4 dxe5 6. fxe5 Nc6 7. Nf3 Bg4 8. e6
fxe6 9. c5 Nd5 10. Bb5 Qd7 11. O-O g6 12. Ne5 Bxd1 13. Nxd7 Kxd7 14. Bxc6+ Kxc6
15. Rxd1 Bg7 16. Na3 Rad8 17. Bg5 h6 18. Bc1 Rd7 19. Nc4 Nb4 20. Na5+ Kb5 21.
Nb3 Nc2 22. Rb1 c6 23. Rd3 Rhd8 24. Kh1 e5 25. Rc3 Nxd4 26. Bd2 a5 27. Nxd4+
Rxd4 28. Rb3+ Ka6 29. Be1 Rd1 30. Ra3 b5 31. Rxd1 Rxd1 32. Re3 e4 33. Rxe4 Bxb2
0-1

[Event "AUTO-OPEN-321"]
[Site "http://www.queenalice.com/game.php?id=210556"]
[Date "2007.5.14"]
[Round "3"]
[White "Masegui"]
[Black "NinjaX"]
[Result "1-0"]
[WhiteElo "2300"]
[BlackElo "2298"]

1. d4 Nf6 2. Nf3 e6 3. Bg5 c5 4. e3 h6 5. Bh4 b6 6. Nbd2 Bb7 7. Bd3 Be7 8. c3 g5
9. Bg3 g4 10. Ne5 Bxg2 11. Rg1 Bh3 12. Ne4 Nxe4 13. Bxe4 d5 14. Bd3 c4 15. Bc2
h5 16. Ba4+ Kf8 17. f3 a6 18. fxg4 hxg4 19. Nxg4 Bh4 20. Qf3 Bxg4 21. Qxg4 Bxg3+
22. Rxg3 b5 23. Bc2 Rxh2 24. O-O-O Rf2 25. e4 Qf6 26. exd5 Nd7 27. Qg8+ Ke7 28.
d6+ Kxd6 29. Qxa8 Qf4+ 30. Kb1 Qxg3 31. d5 e5 32. Qxa6+ Ke7 33. Qa3+ b4 34.
Qxb4+ Kd8 35. Qa5+ Ke7 36. d6+ Kf6 37. Qd8+ Kg7 38. Qxd7 Qg2 39. Qa4 e4 40. d7
e3 41. d8=Q e2 42. Qd4+ 1-0

[Event "AUTO-OPEN-321"]
[Site "http://www.queenalice.com/game.php?id=210557"]
[Date "2007.5.14"]
[Round "3"]
[White "NinjaX"]
[Black "Masegui"]
[Result "0-1"]
[WhiteElo "2290"]
[BlackElo "2282"]

1. e4 e5 2. Nc3 Nf6 3. f4 d5 4. fxe5 Nxe4 5. Nf3 Be7 6. Qe2 Nxc3 7. dxc3 c5 8.
Bf4 Nc6 9. O-O-O Be6 10. c4 d4 11. Kb1 Qc7 12. h3 O-O-O 13. g4 h6 14. Bg2 Rd7
15. Rhe1 Rhd8 16. a3 g5 17. Bg3 Na5 18. b3 Qb6 19. Ka2 d3 20. Qd2 Nxc4 21. bxc4
Bxc4+ 22. Ka1 dxc2 23. Qxc2 Rd3 24. Rxd3 Rxd3 25. Qb2 Qa6 0-1

[Event "Spike"]
[Site "http://www.queenalice.com/game.php?id=211573"]
[Date "2007.5.16"]
[Round "4"]
[White "Rassend"]
[Black "Masegui"]
[Result "1/2-1/2"]
[WhiteElo "2326"]
[BlackElo "2245"]

1. e4 e5 2. Nf3 Nc6 3. Bb5 a6 4. Ba4 Nf6 5. O-O Be7 6. Nc3 b5 7. Bb3 d6 8. a4 b4
9. Nd5 Na5 10. Ba2 Nxd5 11. Bxd5 c6 12. Ba2 c5 13. Bd5 Rb8 14. d3 O-O 15. Bd2
Be6 16. Re1 Qd7 17. Ng5 Bxg5 18. Bxg5 f5 19. Qe2 Nc6 20. Bxc6 Qxc6 21. Bh4 h6
22. f3 a5 23. Red1 f4 24. Rd2 Qc7 25. Rdd1 1/2-1/2

[Event "Spike"]
[Site "http://www.queenalice.com/game.php?id=241100"]
[Date "2007.7.17"]
[Round "5"]
[White "Masegui"]
[Black "pensalo"]
[Result "1/2-1/2"]
[WhiteElo "2285"]
[BlackElo "2315"]

1. e4 e6 2. d4 d5 3. Nd2 Nf6 4. e5 Nfd7 5. Bd3 c5 6. c3 Nc6 7. Ne2 cxd4 8. cxd4
Be7 9. O-O O-O 10. Nf3 f5 11. exf6 Nxf6 12. Bf4 Qb6 13. Qd2 Nb4 14. Bb1 Bd7 15.
Ne5 Bb5 16. Re1 Rac8 17. Bg5 Be8 18. a3 Nc6 19. Nxc6 Bxc6 20. Nc3 Bd7 21. h3 Bd6
22. Bc2 Kh8 23. Rab1 Rc4 24. Be3 a5 25. Bd3 Rcc8 26. Rbc1 a4 27. Rc2 Qb3 28.
Rec1 Rce8 29. Ne2 Bc6 30. Bf4 Bxf4 31. Nxf4 e5 32. dxe5 Rxe5 33. Ne2 Qb6 34. Qb4
Qxb4 35. axb4 Bd7 36. Rc7 Bf5 37. f4 Re3 38. Bxf5 Rxe2 39. R1c2 Rxc2 1/2-1/2

[Event "QA-ANNIV-03"]
[Site "http://www.queenalice.com/game.php?id=246891"]
[Date "2007.7.27"]
[Round "2"]
[White "Masegui"]
[Black "rymurian"]
[Result "1-0"]
[WhiteElo "2286"]
[BlackElo "1602"]

1. e4 e5 2. Nf3 Nf6 3. d3 Nc6 4. c3 Bc5 5. b4 Be7 6. b5 Na5 7. Nxe5 d6 8. Nf3
O-O 9. Be2 b6 10. O-O d5 11. exd5 Qxd5 12. c4 Qd8 13. Bb2 Bb7 14. d4 Re8 15. Nc3
Qd7 16. a4 Rad8 17. d5 Bc5 18. Qc2 h6 19. Bd3 Re7 20. Ne2 Qd6 21. Ng3 g6 22.
Bxg6 Bc8 23. Bf5 Ree8 24. Bxc8 Rxc8 25. Nf5 Qf8 26. Bxf6 1-0

[Event "Brazil Open"]
[Site "http://www.queenalice.com/game.php?id=258950"]
[Date "2007.8.21"]
[Round "4"]
[White "Lukius"]
[Black "Masegui"]
[Result "1-0"]
[WhiteElo "2486"]
[BlackElo "2288"]

1. e4 e5 2. f4 exf4 3. Nf3 d5 4. exd5 Nf6 5. Bc4 Nxd5 6. O-O Be6 7. Bb3 Be7 8.
c4 Nb6 9. d4 Nxc4 10. Bxf4 O-O 11. Qe2 b5 12. Nc3 a6 13. d5 Bf5 14. Bxc4 bxc4
15. Qxc4 Bd6 16. Bg5 Qc8 17. Nh4 Bd7 18. Ne4 Be5 19. a4 Re8 20. Nf3 Bd6 21. Rae1
f6 22. Bxf6 Rxe4 23. Qxe4 gxf6 24. Nd4 Qd8 25. Ne6 1-0

[Event "Kadas"]
[Site "http://www.queenalice.com/game.php?id=267251"]
[Date "2007.9.5"]
[Round "4"]
[White "Nimzo81"]
[Black "Masegui"]
[Result "1/2-1/2"]
[WhiteElo "2151"]
[BlackElo "2303"]

1. h4 d5 2. h5 e5 3. h6 Nxh6 4. d4 Nc6 5. Bxh6 gxh6 6. dxe5 Nxe5 7. Nf3 Nxf3+ 8.
exf3 Bg7 9. Nc3 c6 10. Qd2 Qe7+ 11. Be2 Bf5 12. O-O-O O-O-O 13. Bd3 Bg6 14. Rde1
Qd6 15. Kb1 Rhe8 16. a3 h5 17. g3 Kb8 18. Rhg1 f5 19. Rxe8 Rxe8 20. Ne2 c5 21.
c3 a6 22. Rd1 Qc6 23. Re1 1/2-1/2

[Event "Brazil Open"]
[Site "http://www.queenalice.com/game.php?id=296632"]
[Date "2007.11.1"]
[Round "5"]
[White "Masegui"]
[Black "Pato"]
[Result "1-0"]
[WhiteElo "2297"]
[BlackElo "2111"]

1. d4 Nf6 2. Nf3 c5 3. c4 b6 4. Nc3 e6 5. d5 Bb7 6. e4 exd5 7. e5 Ng4 8. cxd5 f6
9. Bc4 fxe5 10. O-O d6 11. Ng5 Nf6 12. Ne6 Qe7 13. Bg5 a6 14. f4 Nbd7 15. Bxf6
Nxf6 16. fxe5 dxe5 17. d6 1-0

[Event "AUTO-OPEN-436"]
[Site "http://www.queenalice.com/game.php?id=306267"]
[Date "2007.11.18"]
[Round "3"]
[White "Masegui"]
[Black "Alexmonteiro"]
[Result "1-0"]
[WhiteElo "2315"]
[BlackElo "1966"]

1. d4 Nf6 2. Nf3 d5 3. c4 c6 4. Nc3 dxc4 5. a4 Bf5 6. e3 e6 7. Bxc4 Bb4 8. O-O
O-O 9. Qe2 Nbd7 10. e4 Bg6 11. Bd3 Re8 12. e5 1-0

[Event "AUTO-OPEN-436"]
[Site "http://www.queenalice.com/game.php?id=306268"]
[Date "2007.11.18"]
[Round "3"]
[White "Alexmonteiro"]
[Black "Masegui"]
[Result "0-1"]
[WhiteElo "1968"]
[BlackElo "2313"]

1. e4 c5 2. Nf3 d6 3. c3 Nf6 4. Be2 Nc6 5. d4 cxd4 6. cxd4 Nxe4 7. d5 Qa5+ 8.
Nc3 Nxc3 9. bxc3 Ne5 10. Nxe5 Qxc3+ 11. Bd2 Qxe5 12. O-O Qxd5 13. Rb1 f6 14. Re1
e5 15. Bf3 Qf7 0-1

[Event "QA-ANNIV-03"]
[Site "http://www.queenalice.com/game.php?id=316116"]
[Date "2007.12.6"]
[Round "4"]
[White "Masegui"]
[Black "tewald"]
[Result "1-0"]
[WhiteElo "2312"]
[BlackElo "1714"]

1. e4 e6 2. d4 d5 3. Nd2 c5 4. exd5 exd5 5. Ngf3 Nf6 6. Bb5+ Bd7 7. Bxd7+ Nbxd7
8. O-O c4 9. Re1+ Be7 10. b3 c3 11. Ba3 Ne4 12. Nxe4 dxe4 13. Rxe4 1-0

[Event "QA-ANNIV-03"]
[Site "http://www.queenalice.com/game.php?id=413716"]
[Date "2008.6.5"]
[Round "7"]
[White "Masegui"]
[Black "Rusty"]
[Result "1/2-1/2"]
[WhiteElo "2341"]
[BlackElo "2109"]

1. d4 d5 2. c4 dxc4 3. Nf3 Nf6 4. e3 e6 5. Bxc4 c5 6. O-O a6 7. Qe2 b5 8. Bb3
Bb7 9. Rd1 Nbd7 10. Nc3 Qb8 11. d5 Nxd5 12. Nxd5 Bxd5 13. Bxd5 exd5 14. Rxd5 Be7
15. e4 Qb7 16. Bg5 Nb6 17. Rad1 f6 18. Bf4 O-O 19. R5d2 Rad8 1/2-1/2

[Event "QA-ANNIV-03"]
[Site "http://www.queenalice.com/game.php?id=446366"]
[Date "2008.8.9"]
[Round "8"]
[White "ichtus"]
[Black "Masegui"]
[Result "1/2-1/2"]
[WhiteElo "2208"]
[BlackElo "2334"]

1. d4 d5 2. Nf3 Nf6 3. Bg5 e6 4. Nbd2 Be7 5. e3 Nbd7 6. Bd3 c5 7. c3 b6 8. O-O
Bb7 9. Re1 O-O 10. Rc1 Ne4 11. Bxe7 Qxe7 12. Bb1 f5 13. Nxe4 fxe4 14. Nd2 e5 15.
dxc5 Nxc5 16. Nb3 Nxb3 17. Qxb3 Rad8 18. Rcd1 Qf7 19. Rd2 g6 20. Red1 Rc8 21. h3
Rc7 22. Qa3 Qf6 23. Bc2 Kg7 1/2-1/2

[Event "QA-ANNIV-03"]
[Site "http://www.queenalice.com/game.php?id=469847"]
[Date "2008.9.28"]
[Round "9"]
[White "Masegui"]
[Black "pensalo"]
[Result "1/2-1/2"]
[WhiteElo "2330"]
[BlackElo "2410"]

1. e4 e5 2. Nf3 Nc6 3. Bb5 a6 4. Ba4 Nf6 5. O-O Be7 6. Re1 b5 7. Bb3 O-O 8. a4
Bb7 9. d3 b4 10. Nbd2 Bc5 11. Nc4 Ng4 12. Rf1 d6 1/2-1/2

[Event "QA-ANNIV-03"]
[Site "http://www.queenalice.com/game.php?id=525045"]
[Date "2009.1.18"]
[Round "10"]
[White "csparrow"]
[Black "Masegui"]
[Result "1-0"]
[WhiteElo "2499"]
[BlackElo "2332"]

1. d4 Nf6 2. c4 g6 3. Nc3 Bg7 4. e4 d6 5. f3 O-O 6. Be3 e5 7. Nge2 c6 8. Qd2
Nbd7 9. d5 cxd5 10. cxd5 a6 11. g4 h5 12. g5 Nh7 13. Nc1 b5 14. Nd3 Bb7 15. h4
Re8 16. Rc1 Rc8 17. Bh3 Nhf8 18. O-O Rb8 19. Nb4 Nb6 20. b3 1-0